LEADER 01651 am 22003973- 450 001 9910341143203321 005 20231214145436.0 024 7 $a10.24894/978-3-7965-3938-1 035 $a(CKB)5340000000058075 035 $a(OAPEN)1006563 035 $a(oapen)https://directory.doabooks.org/handle/20.500.12854/31134 035 $a(EXLCZ)995340000000058075 100 $a20200127||| xx uy 0 101 0 $ager 135 $auuuuu---auuuu 181 $ctxt$2rdacontent 182 $cc$2rdamedia 183 $acr$2rdacarrier 200 10$aIm Namen der Dinge - John Locke und der Begriff des Wesens 210 $aBasel$cSchwabe Verlag$d2019 215 $a1 online resource (302) 225 1 $aMedieval and Early Modern Philosophy 311 $a3-7965-3938-6 330 $aThe main assumption of this book is that Locke?s methaphysical considerations spread throughout his works build a coherent metaphysical theory about the essence of things. Contrary to prevalent opinions, Locke thereby proves to be a philosopher who not only criticised the metaphysical systems of the late scholasticism, but also advanced them in a very interesting way. 606 $aWestern philosophy: Medieval & Renaissance, c 500 to c 1600$2bicssc 610 $aJohn Locke 610 $ametaphysics 610 $aessence 610 $aidentity 610 $aphilosophy of language 615 7$aWestern philosophy: Medieval & Renaissance, c 500 to c 1600 700 $aWörner$b David$4aut$0894253 906 $aBOOK 912 $a9910341143203321 996 $aIm Namen der Dinge - John Locke und der Begriff des Wesens$91997572 997 $aUNINA LEADER 01559nam 2200481 450 001 9910810331003321 005 20230803214221.0 010 $a93-5250-107-1 035 $a(CKB)3710000000730798 035 $a(MiAaPQ)EBC4520591 035 $a(Au-PeEL)EBL4520591 035 $a(CaPaEBR)ebr11220396 035 $a(OCoLC)951974732 035 $a(EXLCZ)993710000000730798 100 $a20160629h20142014 uy 0 101 0 $aeng 135 $aurcnu|||||||| 181 $2rdacontent 182 $2rdamedia 183 $2rdacarrier 200 10$aFluid, electrolyte, metabolic and respiratory acid-base management /$fA Vimala ; foreword, MA Muthusethupathi 205 $aFirst edition. 210 1$aNew Delhi, India :$cJaypee Brothers Medical Publishers (P) LTD,$d2014. 210 4$d©2014 215 $a1 online resource (366 pages) $cillustrations, tables 311 $a93-5152-193-1 320 $aIncludes bibliographical references and index. 606 $aWater-electrolyte imbalances 606 $aRespiratory organs$xDiseases$xEtiology 606 $aAcid-base imbalances 615 0$aWater-electrolyte imbalances. 615 0$aRespiratory organs$xDiseases$xEtiology. 615 0$aAcid-base imbalances. 676 $a616.3992 700 $aVimala$b A$01700968 702 $aMuthusethupathi$b MA 801 0$bMiAaPQ 801 1$bMiAaPQ 801 2$bMiAaPQ 906 $aBOOK 912 $a9910810331003321 996 $aFluid, electrolyte, metabolic and respiratory acid-base management$94084398 997 $aUNINA